| 000 | 00575nam a2200181Ia 4500 | ||
|---|---|---|---|
| 003 | IN-BaIIA | ||
| 008 | 211028s9999 xx 000 0 eng d | ||
| 040 | _cIIA Library | ||
| 080 |
_a524.3-5 _bCOX-1 |
||
| 100 |
_aCox, John P _98289 |
||
| 245 | 0 |
_aPrinciples of stellar structure _bvol. 1, physical principles _cJohn P. Cox and Thomas R. Giuli |
|
| 260 |
_aNew York _bGordon and Breach Science _c1968 |
||
| 300 | _axx, 568p. | ||
| 650 |
_a Stellar structure _98290 |
||
| 650 |
_aAstronomy and astrophysics thesaurus _91143 |
||
| 700 |
_aGiuli, Thomas R. _98291 |
||
| 942 | _cBK | ||
| 999 |
_c4682 _d4682 |
||